ბათუმის შოთა რუსთაველის სახელმწიფო უნივერსიტეტის ბიბლიოთეკა

ფრეგატი "პალადა (ბიბ.ჩანაწერი № 48710)

000 -LEADER
fixed length control field 01035nam a2200229Ia 4500
001 - CONTROL NUMBER
control field 15610
003 - CONTROL NUMBER IDENTIFIER
control field GE_BSU
008 - FIXED-LENGTH DATA ELEMENTS--GENERAL INFORMATION
fixed length control field 181216s||||||||xx |||||||||||||| ||und||
040 ## - CATALOGING SOURCE
Transcribing agency GE_BSU
080 ## - UNIVERSAL DECIMAL CLASSIFICATION NUMBER
Universal Decimal Classification number 821.161.1-32
100 ## - MAIN ENTRY--PERSONAL NAME
Personal name გონჩაროვი, ი.
245 ## - TITLE STATEMENT
Title ფრეგატი "პალადა
245 ## - TITLE STATEMENT
Remainder of title დოკ. მოთხრობა დედამიწის გარშემო მოგზაურობის შესახებ
245 ## - TITLE STATEMENT
Statement of responsibility, etc. თარგმნა ა. გაბესკირიამ. რედ. გ. ბედინეიშვილი. მხატვ. ზ. ფორჩხიძე
260 ## - PUBLICATION, DISTRIBUTION, ETC.
Place of publication, distribution, etc. თბილისი
260 ## - PUBLICATION, DISTRIBUTION, ETC.
Name of publisher, distributor, etc. საბჭ. საქართველო
260 ## - PUBLICATION, DISTRIBUTION, ETC.
Date of publication, distribution, etc. 1972
300 ## - PHYSICAL DESCRIPTION
Extent 765გვ. ; 22სმ
653 ## - INDEX TERM--UNCONTROLLED
Uncontrolled term დოკ. მოთხრობა დედამიწის გარშემო მოგზაურობის შესახებ
653 ## - INDEX TERM--UNCONTROLLED
Uncontrolled term ფრეგატი "პალადა
942 ## - ADDED ENTRY ELEMENTS (KOHA)
Koha item type წიგნი
ეგზემპლარები
Withdrawn status Lost status Damaged status Not for loan Date acquired Barcode Date last seen Price effective from Koha item type
        2018-12-17 21192 2018-12-17 2018-12-17 წიგნი